01490nam a2200265 a 4500001001000000005001700010008004100027041000800068044000700076084002000083100004500103245012100148260002600269300005200295500025600347500024500603500006600848500001000914650005200924650005700976650003401033650004501067700006201112740005001174BRCA_248120190320203830.0211108s1840-------#---###---#000-0dspa-u aspa asp a122b.B39c18401 aCervantes Saavedra, Miguel ded1547-161610aEl Ingenioso Hidalgo Don Quijote de la Manchabcon la vida de Cervantesccompuesto por Miguel de Cervantes Saavedra. aParísbBaudryc1840 a679 p.c23 cm.e1 carta facsímil de Cervantes aContenido : Primera parte. retrato de Cervantes. Advertencia del editor. Vida de Cervantes por M. F. de Navarrete. Dedicatoria del autor. Prólogo del autor. Versos preliminares. Texto. Segunda parte. Dedicatoria del autor. Prólogo del autor. Texto aEdición bien impresa. Sigue el texto de la cuarta edición académica (1819). El retrato de Cervantes está grabado por Geoffroy. Contiene la excelente biografía de Cervantes compilada por M. Fernández de Navarrete Lúdovik Osterc aEstado físico : La portada está rota en la parte superior aQM10314aNovela españolayÉpoca clásica, 1500-170014aLiteratura españolayÉpooca clásica, 1500-170014aNovela españolaySiglo XVII14aDon Quijote (Personaje ficticio)eNovela1 aFernández de Navarrete, Martínd1765-1844eBiógrafo0 aEl Ingenioso Hidalgo Don Quijote de la Mancha